000 01337nam0a2200349 4500
001 RU\NLR\bibl\263295
005 20260406121124.0
010 _a5-264-00697-0
_bВ пер.
_92500
021 _aRU
_b2002-3332
_9159
035 _a(NLR Aleph) 000258921
090 _a1512130
_c1512130
100 _a20020426d2001 |||y0rusy50 ca
101 0 _arus
102 _aRU
105 _ay |||||||||
200 1 _aАфанасий Фет
_f[Предисл. Г. Аслановой]
210 _aМ.
_cВагриус
_d2001
215 _a317 с.
_d17
225 1 _aПроза поэта
_eПП
327 1 _aСодерж.: Повести: Дядюшка и двоюродный братец; Семейство Гольц; Рассказы: Каленик; Первый заяц; "Не те"; Кактус; Вне моды; Деревенские очерки; Из-за границы
675 _a821.161.1-32Фет
_v3
_zrus
686 _a17.82
_2rugasnti
686 _a84(2Рос-Рус)6-44
_2rubbk
686 _aШ6(2=Р)52-4
700 1 _4070
_7ca
_8rus
_aФет
_bА. А.
_f1820-1892
_gАфанасий Афанасьевич
_9110554
_3RU\NLR\auth\77505
801 0 _aRU
_bRKP
_c20020426
_gPSBO
801 1 _aRU
_bRKP
_c20020426
801 2 _aRU
_bNLR
_c20020701
_grcr
942 _cBOOK
980 _aNB